000 01550ncm a2200373 c 4500
003 BLK
005 20240820110355.0
008 180414b bul |a|er|||| |0| c|bulo|
010 _aNOT00000941000
040 _aBLK
041 _aRUS
_cRUS
_hFRE
080 _aБалет, пантомима. Вж и 78.085.5; 793.32
_b782.91
_x
_z782.91
080 _aОпера - други видове. Мюзикъл. Детска оперета. Муз. приказка
_b782.9
_x
_z782.9
100 1 _aСтравински, Игор Федорович
_9126370
700 1 _aЖид, Андре
_eслова
_9371324
700 1 _aСтравински, Святослав
_eприл. клавира
_9361900
139 _aСтравински, Игор
_bС 84
245 1 0 _aПерсефона
_bБалет : Мелодрама в трех частях
_cИгор Федорович Стравински; слова Андре Жид; прил. клавира Святослав Стравински.
254 _aКлавир
257 _aRUS
260 Москва
_bМузика 10228
_c1979
300 _a100 с.
_c29 см
380 _a7
500 _aВ АРХИВ ХОР РОДИНА има наличен 1 бр. неинвентиран.
650 4 _aБалет
_9147951
653 _aбалет
653 _aОпера
852 _aЦБ М ІІ 11399
_p0
856 4 _qpdf
_u
856 4 _qpdf
_u
942 _cNOT
_n0
944 _aCR
_c15.06.2005
_k30560
_lГеновева Генчева
944 _aED
_c15.06.2005
_k
999 _c299083
_d299083